00525nam a2200133Ia 4500008004100000041000800041082002200049100002600071245003500097260003700132300000900169999001900178952019400197230411s9999 xx 000 0 und d aeng aPY/150/KON/B07282 aKonnur Rajesh9179443 aPsychology for Graduate Nurses bJaypee BrothersaNew Delhic2013 a244p c157421d157421 001040708PYaBTINbBTINd2012-11-29eJaypee Brothers Medical Publishersg195.00i3646l5oPY 150 KON B07282pBTIN-BK-7282r2024-10-09 00:00:00s2024-10-04v142.00w2012-11-29yBKzB07282